| 000 | 00392nam a22001457a 4500 | ||
|---|---|---|---|
| 003 | OSt | ||
| 020 | _a9788120345317 | ||
| 040 |
_c0 _d0 |
||
| 082 |
_222 _a005.12 |
||
| 100 | _aDubey, Sanjiva Shankar | ||
| 245 |
_aIT services business managements : _bconcepts, process and practices / |
||
| 260 |
_aNew Delhi, _bPrentices, _cc2013 |
||
| 300 |
_axvii, 201 p. ; _bill. ; _c23 cm. |
||
| 942 |
_2ddc _cIT _04 |
||
| 999 |
_c4890 _d4890 |
||